LEADER 01427nam 2200409 450 001 9910583351003321 010 $a0-12-803279-0 010 $a0-12-803280-4 035 $a(CKB)4100000000864041 035 $a(MiAaPQ)EBC5106109 035 $a(PPN)226415686 035 $a(EXLCZ)994100000000864041 100 $a20171117h20182018 uy 0 101 0 $aeng 135 $aurcnu|||||||| 181 $2rdacontent 182 $2rdamedia 183 $2rdacarrier 200 10$aApplied statistical modeling and data analytics $ea practical guide for the petroleum geosciences /$fSrikanta Mishra, Akhil Datta-Gupta 210 1$aAmsterdam, Netherlands ;$aOxford, England ;$aCambridge, Massachusetts :$cElsevier,$d2018. 210 4$dİ2018 215 $a1 online resource (252 pages) $cillustrations (some color) 320 $aIncludes bibliographical references at the end of each chapters and index. 606 $aPetroleum$xGeology$xStatistical methods 606 $aPetroleum$xGeology$xData processing 615 0$aPetroleum$xGeology$xStatistical methods. 615 0$aPetroleum$xGeology$xData processing. 676 $a553.28 700 $aMishra$b Srikanta.$0891143 702 $aDatta-Gupta$b Akhil 801 0$bMiAaPQ 801 1$bMiAaPQ 801 2$bMiAaPQ 906 $aBOOK 912 $a9910583351003321 996 $aApplied statistical modeling and data analytics$91990463 997 $aUNINA